[Event "Regionalliga SW 0910"]
[Site "Bayern"]
[Date "2010.03.21"]
[Round "8.6"]
[White "Meszaros, Ignac"]
[Black "Weinberger, Wolfgang"]
[Result "0-1"]
[WhiteElo "1974"]
[BlackElo "2068"]
[PlyCount "104"]
[EventDate "2009.10.18"]
[EventType "team-tourn"]
[EventRounds "9"]
[EventCountry "GER"]
[SourceTitle "EXT 2011"]
[Source "ChessBase"]
[SourceDate "2010.11.26"]
[SourceVersion "1"]
[SourceVersionDate "2010.11.26"]
[SourceQuality "1"]
[WhiteTeam "Goeggingen"]
[BlackTeam "Garching II"]
[WhiteTeamCountry "GER"]
[BlackTeamCountry "GER"]

1. e4 e6 2. d4 d5 3. Nc3 Bb4 4. Bd3 Nf6 5. e5 Ng8 6. Nge2 b6 7. a3 Bf8 8. 0-0 Ba6 9. Bxa6 Nxa6 10. Qd3 Nb8 11. f4 Ne7 12. Be3 h5 13. Bf2 Nf5 14. Ng3 Nxg3 15. Qxg3 g6 16. a4 Nc6 17. Ne2 Na5 18. Be1 Nc6 19. a5 Be7 20. Qb3 0-0 21. Bd2 Qd7 22. a6 Nb8 23. Qf3 c5 24. f5 exf5 25. Nf4 Nc6 26. e6 Qd6 27. exf7+ Kxf7 28. c3 cxd4 29. Rae1 Ne5 30. Rxe5 Qxe5 31. Re1 Qd6 32. Re6 Qc5 33. cxd4 Qxd4+ 34. Be3 Qc4 35. Rxe7+ Kxe7 36. Nxg6+ Kf6 37. Nxf8 Rxf8 38. Qxh5 Qg4 39. Qh6+ Kf7 40. Qd6 Qd1+ 41. Kf2 Re8 42. Qd7+ Re7 43. Qxf5+ Kg8 44. Qg6+ Rg7 45. Qe6+ Rf7+ 46. Kg3 Qd3 47. Qe8+ Kg7 48. Qe5+ Kh7 49. h4 Qf5 50. Qd4 Re7 51. Qd2 Qe4 52. Bg5 Qe1+ 0-1

[Event "Regionalliga SW 0910"]
[Site "Bayern"]
[Date "2009.10.18"]
[Round "1.6"]
[White "Meszaros, Ignac"]
[Black "Winterkamp, Stefan"]
[Result "1-0"]
[WhiteElo "1974"]
[BlackElo "1957"]
[PlyCount "71"]
[EventDate "2009.10.18"]
[EventType "team-tourn"]
[EventRounds "9"]
[EventCountry "GER"]
[SourceTitle "EXT 2011"]
[Source "ChessBase"]
[SourceDate "2010.11.26"]
[SourceVersion "1"]
[SourceVersionDate "2010.11.26"]
[SourceQuality "1"]
[WhiteTeam "Goeggingen"]
[BlackTeam "Klosterlechfeld"]
[WhiteTeamCountry "GER"]
[BlackTeamCountry "GER"]

1. e4 c6 2. Nc3 d5 3. Nf3 dxe4 4. Nxe4 Nd7 5. Bc4 e6 6. d4 Ngf6 7. Nxf6+ Nxf6 8. Bf4 Bd6 9. Bxd6 Qxd6 10. Qe2 0-0 11. 0-0 b6 12. Rad1 h6 13. Rfe1 Bb7 14. Qe5 Rad8 15. c3 Rd7 16. Qe2 Nd5 17. Ne5 Rc7 18. Bb3 c5 19. dxc5 Qxc5 20. Nd3 Qe7 21. Qe5 Rd8 22. Nf4 Nxf4 23. Qxf4 Rcd7 24. h3 Qc5 25. Rxd7 Rxd7 26. Rxe6 fxe6 27. Bxe6+ Kh7 28. Bxd7 Qd5 29. Qf5+ g6 30. Qxd5 Bxd5 31. a3 Kg7 32. f4 Kf6 33. g3 Ke7 34. Bb5 Kd6 35. Kf2 Kc5 36. Bd3 1-0

[Event "Augsburg Ibis 5th"]
[Site "Augsburg"]
[Date "2008.12.29"]
[Round "4"]
[White "Meszaros, Ignac"]
[Black "De Francesco, Klaus"]
[Result "0-1"]
[WhiteElo "2141"]
[BlackElo "2345"]
[PlyCount "50"]
[EventDate "2008.12.26"]
[EventType "tourn"]
[EventRounds "11"]
[EventCountry "GER"]
[EventCategory "3"]
[SourceTitle "CBM 128 Extra"]
[Source "ChessBase"]
[SourceDate "2009.03.05"]
[SourceVersion "2"]
[SourceVersionDate "2009.03.25"]
[SourceQuality "1"]

1. e4 e6 2. d3 d5 3. Nd2 c5 4. Ngf3 Nc6 5. g3 Nge7 6. Bg2 g6 7. 0-0 Bg7 8. Re1 0-0 9. Rb1 b6 10. b3 Bb7 11. Bb2 d4 12. e5 Qc7 13. c3 dxc3 14. Bxc3 Rad8 15. Qc2 Nd5 16. a3 Nxc3 17. Qxc3 Rd5 18. Nc4 Rfd8 19. Rbd1 b5 20. Ne3 Nxe5 21. Nxd5 Nxf3+ 22. Bxf3 Bxc3 23. Nxc7 Bxf3 24. Nxb5 Bxe1 25. Rxe1 Rxd3 0-1

[Event "Augsburg Ibis 5th"]
[Site "Augsburg"]
[Date "2008.12.27"]
[Round "2"]
[White "Meszaros, Ignac"]
[Black "Deglmann, Ludwig"]
[Result "0-1"]
[WhiteElo "2141"]
[BlackElo "2342"]
[PlyCount "120"]
[EventDate "2008.12.26"]
[EventType "tourn"]
[EventRounds "11"]
[EventCountry "GER"]
[EventCategory "3"]
[SourceTitle "CBM 128 Extra"]
[Source "ChessBase"]
[SourceDate "2009.03.05"]
[SourceVersion "2"]
[SourceVersionDate "2009.03.25"]
[SourceQuality "1"]

1. d4 f5 2. g3 Nf6 3. Bg2 g6 4. c4 Bg7 5. Nc3 0-0 6. Nf3 d6 7. 0-0 Qe8 8. Nd2 e5 9. dxe5 dxe5 10. e4 f4 11. Nf3 Nh5 12. b3 Nc6 13. Ba3 Rf7 14. Nd5 Bg4 15. Qd3 Rd8 16. Bb2 Bh6 17. Rad1 Bxf3 18. Bxf3 Ng7 19. Bg4 Ne6 20. Bxe6 Qxe6 21. gxf4 Bxf4 22. Qe2 Bh6 23. f3 Rdf8 24. Qg2 Bg7 25. Qg3 Rc8 26. h3 Nd8 27. Kg2 c6 28. Nc3 Qe7 29. Ne2 Ne6 30. Bc1 Bf6 31. Rd3 Nc5 32. Rdd1 Ne6 33. Kh1 Rd8 34. Qf2 b6 35. Qg2 Qf8 36. Rxd8 Qxd8 37. Qf2 Qd3 38. Ng1 Bg5 39. Qe2 Qd7 40. Rd1 Qe7 41. Bxg5 Qxg5 42. Qd2 Qh5 43. Qd6 Nd4 44. Rf1 Qg5 45. Rf2 Qg3 46. Rf1 Qf4 47. Kg2 Kg7 48. Rf2 Kh6 49. Qd8 Ne6 50. Qd1 Rf8 51. Qd7 Qf6 52. Ne2 Rd8 53. Qxa7 Qg5+ 54. Kh2 Qe3 55. Rg2 Ng5 56. Ng1 Nxf3+ 57. Nxf3 Qxf3 58. Qxb6 Qf4+ 59. Kh1 Rd1+ 60. Rg1 Qf3+ 0-1

[Event "Augsburg Afro Seniors op 9th"]
[Site "Augsburg"]
[Date "2002.08.10"]
[Round "6"]
[White "Meszaros, Ignac"]
[Black "Cho, Daniel"]
[Result "1-0"]
[WhiteElo "1942"]
[BlackElo "1601"]
[PlyCount "77"]
[EventDate "2002.08.08"]
[EventType "swiss"]
[EventRounds "7"]
[EventCountry "GER"]
[SourceTitle "EXT 2007"]
[Source "ChessBase"]
[SourceDate "2006.11.23"]
[SourceVersion "1"]
[SourceVersionDate "2006.11.23"]
[SourceQuality "1"]

1. Nf3 Nc6 2. c4 e5 3. Nc3 Nf6 4. d3 d6 5. g3 g6 6. Bg2 Bg7 7. 0-0 0-0 8. Rb1 Re8 9. b3 Bf5 10. Ng5 Qd7 11. Nd5 h6 12. Nxf6+ Bxf6 13. Ne4 Bg7 14. Bd2 Bh3 15. Bxh6 Bxg2 16. Kxg2 f5 17. Bxg7 Kxg7 18. Nc3 Rh8 19. h3 Rh5 20. e3 Ne7 21. Nd5 Nxd5 22. cxd5 Rah8 23. Rh1 g5 24. g4 fxg4 25. Qxg4 Qxg4+ 26. hxg4 Rxh1 27. Rxh1 Rxh1 28. Kxh1 a5 29. Kg2 c5 30. Kf3 b5 31. Ke4 Kf6 32. a4 b4 33. f4 exf4 34. exf4 Kg6 35. fxg5 Kxg5 36. Kf3 Kg6 37. Kf4 Kf6 38. g5+ Kg6 39. Kg4 1-0

[Event "Augsburg Afro Seniors op 9th"]
[Site "Augsburg"]
[Date "2002.08.09"]
[Round "3"]
[White "Schmidt, Martin3"]
[Black "Meszaros, Ignac"]
[Result "1/2-1/2"]
[WhiteElo "1869"]
[BlackElo "1942"]
[PlyCount "48"]
[EventDate "2002.08.08"]
[EventType "swiss"]
[EventRounds "7"]
[EventCountry "GER"]
[SourceTitle "EXT 2007"]
[Source "ChessBase"]
[SourceDate "2006.11.23"]
[SourceVersion "1"]
[SourceVersionDate "2006.11.23"]
[SourceQuality "1"]

1. d4 Nf6 2. c4 e6 3. Nc3 d5 4. cxd5 exd5 5. Bg5 Be7 6. Qc2 0-0 7. e3 h6 8. Bh4 Nbd7 9. Bd3 c6 10. Nf3 Re8 11. 0-0 Ne4 12. Bxe7 Qxe7 13. Bxe4 dxe4 14. Nd2 Nf6 15. Rab1 Bf5 16. b4 Nd5 17. Qb2 Qg5 18. Nxd5 cxd5 19. Kh1 Rac8 20. Rbc1 b6 21. Rxc8 Rxc8 22. Rc1 Rxc1+ 23. Qxc1 Qd8 24. Qc6 Qc8 1/2-1/2

[Event "Bayern-ch Seniors 14th"]
[Site "Schloss Schney"]
[Date "2002.06.06"]
[Round "7"]
[White "Fiedler, Werner"]
[Black "Meszaros, Ignac"]
[Result "1/2-1/2"]
[WhiteElo "1714"]
[BlackElo "1945"]
[PlyCount "39"]
[EventDate "2002.05.31"]
[EventType "swiss"]
[EventRounds "9"]
[EventCountry "GER"]
[SourceTitle "EXT 2003"]
[Source "ChessBase"]
[SourceDate "2002.11.25"]
[SourceVersion "1"]
[SourceVersionDate "2002.11.25"]
[SourceQuality "1"]

1. Nf3 Nf6 2. g3 c5 3. Bg2 Nc6 4. e3 d5 5. c3 e5 6. d3 Be7 7. Nbd2 0-0 8. 0-0 Be6 9. Ne1 Qd7 10. Qe2 Rfe8 11. b3 Bg4 12. f3 Bh5 13. e4 Rad8 14. Bb2 dxe4 15. Nxe4 Nxe4 16. dxe4 Qd2 17. Rf2 Bg5 18. Nc2 Bg6 19. Raf1 Qxe2 20. Rxe2 1/2-1/2

[Event "GER-ch Seniors 14th"]
[Site "Freudenstadt"]
[Date "2002.??.??"]
[Round "7"]
[White "Meszaros, Ignac"]
[Black "Schmid, Hartmut"]
[Result "0-1"]
[WhiteElo "2140"]
[BlackElo "2260"]
[PlyCount "58"]
[EventDate "2002.??.??"]
[EventType "swiss"]
[EventRounds "9"]
[EventCountry "GER"]
[SourceTitle "EXT 2003"]
[Source "ChessBase"]
[SourceDate "2002.11.25"]
[SourceVersion "1"]
[SourceVersionDate "2002.11.25"]
[SourceQuality "1"]

1. d4 f5 2. Nc3 d5 3. Bf4 a6 4. Nf3 e6 5. e3 Be7 6. Bd3 Nf6 7. Ne5 0-0 8. 0-0 Bd7 9. Bg5 Be8 10. Ne2 Nfd7 11. Bxe7 Qxe7 12. Nxd7 Nxd7 13. c4 Kh8 14. Qb3 dxc4 15. Qxc4 Nb6 16. Qc2 Bc6 17. Nc3 Rad8 18. Rac1 e5 19. dxe5 Qxe5 20. Rfd1 Rd6 21. Ne2 Nd5 22. Nd4 f4 23. Nxc6 Rxc6 24. Qe2 fxe3 25. Rxc6 exf2+ 26. Kh1 Qxe2 27. Bxe2 bxc6 28. Rc1 Re8 29. Rc2 Rxe2 0-1

[Event "Bayern-ch Seniors 12th"]
[Site "Schloss Schney"]
[Date "2000.??.??"]
[Round "6"]
[White "Kampen, Johann"]
[Black "Meszaros, Ignac"]
[Result "1/2-1/2"]
[WhiteElo "1856"]
[BlackElo "1976"]
[PlyCount "30"]
[EventDate "2000.11.02"]
[EventType "swiss"]
[EventRounds "9"]
[EventCountry "GER"]
[SourceTitle "EXT 2002"]
[Source "ChessBase"]
[SourceDate "2001.11.25"]
[SourceVersion "1"]
[SourceVersionDate "2001.11.25"]
[SourceQuality "1"]

1. e4 g6 2. d4 Bg7 3. c3 d6 4. Nf3 Nf6 5. Bd3 c6 6. 0-0 0-0 7. Re1 Nbd7 8. h3 e5 9. dxe5 Nxe5 10. Nxe5 dxe5 11. Be3 Be6 12. Qe2 Qc7 13. Nd2 b6 14. Nf1 Nh5 15. Bc4 Nf4 1/2-1/2

[Event "Bayern-ch Seniors 12th"]
[Site "Schloss Schney"]
[Date "2000.??.??"]
[Round "9"]
[White "Meszaros, Ignac"]
[Black "Karner, Irmgard"]
[Result "1/2-1/2"]
[WhiteElo "1976"]
[BlackElo "1700"]
[PlyCount "28"]
[EventDate "2000.11.02"]
[EventType "swiss"]
[EventRounds "9"]
[EventCountry "GER"]
[SourceTitle "EXT 2002"]
[Source "ChessBase"]
[SourceDate "2001.11.25"]
[SourceVersion "1"]
[SourceVersionDate "2001.11.25"]
[SourceQuality "1"]

1. e4 d6 2. d4 Nf6 3. Nc3 c6 4. Bg5 Qa5 5. Qd2 e5 6. Nf3 Be7 7. Be2 Bg4 8. Be3 Bxf3 9. Bxf3 Qc7 10. 0-0 Nbd7 11. a4 0-0 12. Be2 a6 13. a5 Kh8 14. f3 c5 1/2-1/2

[Event "Bayern-ch Seniors 12th"]
[Site "Schloss Schney"]
[Date "2000.??.??"]
[Round "5"]
[White "Meszaros, Ignac"]
[Black "Pohrer, Hans"]
[Result "1-0"]
[WhiteElo "1976"]
[BlackElo "1744"]
[PlyCount "81"]
[EventDate "2000.11.02"]
[EventType "swiss"]
[EventRounds "9"]
[EventCountry "GER"]
[SourceTitle "EXT 2002"]
[Source "ChessBase"]
[SourceDate "2001.11.25"]
[SourceVersion "1"]
[SourceVersionDate "2001.11.25"]
[SourceQuality "1"]

1. Nf3 c6 2. e4 d5 3. Nc3 Bg4 4. h3 Bh5 5. exd5 cxd5 6. d4 e6 7. Bb5+ Nd7 8. g4 Bg6 9. Ne5 Ngf6 10. Bg5 Be7 11. Bxf6 gxf6 12. Bxd7+ Kf8 13. Nxg6+ hxg6 14. Bb5 a6 15. Be2 b5 16. Qd3 Kg7 17. Kf1 Qd6 18. Kg2 Rag8 19. Rag1 Kf8 20. Kf1 Qb4 21. Nd1 g5 22. a3 Qa5 23. c3 Bd6 24. Ne3 Bf4 25. Ng2 Bd6 26. Ne1 Qc7 27. Qf3 Ke7 28. Nd3 a5 29. Kg2 Rb8 30. Rc1 Rh4 31. Qe3 Rbh8 32. Rcf1 Kf8 33. f4 gxf4 34. Nxf4 Qb8 35. Nxe6+ fxe6 36. Rxf6+ Ke8 37. Qxe6+ Be7 38. Qc6+ Kd8 39. Qxd5+ Kc8 40. Rc6+ Kb7 41. Qd7+ 1-0

[Event "Bayern-ch Seniors 12th"]
[Site "Schloss Schney"]
[Date "2000.??.??"]
[Round "8"]
[White "Schmidt, Wolfgang3"]
[Black "Meszaros, Ignac"]
[Result "1/2-1/2"]
[WhiteElo "1650"]
[BlackElo "1976"]
[PlyCount "66"]
[EventDate "2000.11.02"]
[EventType "swiss"]
[EventRounds "9"]
[EventCountry "GER"]
[SourceTitle "EXT 2002"]
[Source "ChessBase"]
[SourceDate "2001.11.25"]
[SourceVersion "1"]
[SourceVersionDate "2001.11.25"]
[SourceQuality "1"]

1. c4 Nf6 2. Nf3 g6 3. g3 Bg7 4. Bg2 c5 5. Nc3 0-0 6. 0-0 Nc6 7. a3 d6 8. Ne1 Bd7 9. e3 Rb8 10. Rb1 Qc8 11. f3 a6 12. a4 Nb4 13. e4 Nc6 14. b3 Nd4 15. Kh1 b5 16. cxb5 axb5 17. axb5 Nxb5 18. Nc2 h6 19. Ne3 Bh3 20. Ncd5 Bxg2+ 21. Kxg2 Nxd5 22. Nxd5 Qd8 23. Bb2 Bxb2 24. Rxb2 e6 25. Nf4 Nd4 26. Ne2 Nxe2 27. Qxe2 Rb4 28. Rc1 Qb6 29. Qd3 Rb8 30. Rc3 Rd4 31. Qc2 Qb5 32. d3 Rb4 33. e5 Rd4 1/2-1/2

[Event "GER-chT Seniors 08th"]
[Site "Verden"]
[Date "1999.08.03"]
[Round "3.3"]
[White "Meszaros, Ignac"]
[Black "Heilemann, Manfred"]
[Result "0-1"]
[WhiteElo "1986"]
[BlackElo "2279"]
[PlyCount "74"]
[EventDate "1999.08.01"]
[EventType "team-swiss"]
[EventRounds "7"]
[EventCountry "GER"]
[SourceTitle "EXT 2022"]
[Source "ChessBase"]
[SourceDate "2021.10.06"]
[SourceVersion "1"]
[SourceVersionDate "2021.10.06"]
[SourceQuality "1"]

1. Nf3 Nf6 2. g3 d5 3. Bg2 g6 4. 0-0 Bg7 5. d3 0-0 6. Nbd2 b6 7. Rb1 Bb7 8. c3 c5 9. b4 Nbd7 10. bxc5 Nxc5 11. Ba3 Rc8 12. c4 Re8 13. Bb2 dxc4 14. Nxc4 Bd5 15. Nfd2 Bxg2 16. Kxg2 Qd5+ 17. Kg1 Qh5 18. Kg2 Rcd8 19. h3 Bh6 20. Nf3 Qd5 21. a4 Nfe4 22. Nce5 Nf6 23. e4 Qa2 24. g4 Bg7 25. Ng5 Rf8 26. a5 h6 27. Ngf3 Rd6 28. axb6 axb6 29. Qc2 Rfd8 30. Ne1 Qa6 31. Ra1 Qb7 32. Nc4 R6d7 33. Ne5 Rc7 34. f3 Ncxe4 35. Qb3 Nd6 36. Ba3 Nd5 37. Kg3 Bxe5+ 0-1

[Event "HUN-chT2 9798"]
[Site "Hungary"]
[Date "1998.??.??"]
[Round "?"]
[White "Szabo, Zsolt Jozsef"]
[Black "Meszaros, Ignac"]
[Result "1/2-1/2"]
[WhiteElo "2355"]
[BlackElo "2245"]
[PlyCount "23"]
[EventDate "1997.??.??"]
[EventType "team-tourn"]
[EventRounds "11"]
[EventCountry "HUN"]
[SourceTitle "EXT 1999"]
[Source "ChessBase"]
[SourceDate "1998.11.16"]
[SourceVersion "1"]
[SourceVersionDate "1998.11.16"]
[SourceQuality "1"]

1. Nf3 Nf6 2. c4 e6 3. Nc3 b6 4. e4 d6 5. Bd3 Bb7 6. 0-0 Nbd7 7. Bc2 Be7 8. d3 0-0 9. Be3 Ng4 10. Bf4 Nge5 11. Nxe5 dxe5 12. Be3 1/2-1/2